Evolución de la integración económica centroamericana /
保存先:
| 第一著者: | |
|---|---|
| フォーマット: | テキスト |
| タグ: |
タグ追加
タグなし, このレコードへの初めてのタグを付けませんか!
|
MARC
| LEADER | 00000 a a2200000 04500 | ||
|---|---|---|---|
| 001 | 14099 | ||
| 003 | |||
| 040 | |||
| 100 | |a Montenegro, Arturo | ||
| 245 | |a Evolución de la integración económica centroamericana / |c Arturo Montenegro | ||
| 773 | |g número 32 -33; páginas 61-111 | ||
| 999 | |c 37890 |d 37890 | ||
